000 01229nam0a22002891 4500
001 RU\NLR\INFOCOMM_190\5000025093
005 20250613090639.0
035 _a(NLR Aleph) 009074380
090 _a7942805
_c7942805
100 _a20081101d1984 |||y0rusy50 ca
101 0 _aeng
102 _aRU
105 _ay z 100zy
200 1 _aˆA ‰typology of urban places in West Siberia and its use in the studies of living conditions differentiation
_ethe Meeting of Research comm. 21 on sociology of regional and urban development of the International sociol. assoc. "Cities and their environment: theory, practice and perspectives", Bratsk - Irkutsk, September, 1984
_fV. A. Artiemov, L. A. Khakhulina
210 _aNovosibirsk
_c[s.n.]
_d1984
215 _a[1], 12 л.
_d30 см
225 1 _aPreprint
_fThe USSR Academy of sciences, Siberian branch
606 _aГорода
_xРазвитие
_yСибирь, Западная
_2nlr_sh1
686 _aУ04(2Р53)22
_2rubbk
700 1 _aArtemov
_bV. A.
_gViktor Andreevič
_4070
701 1 _aChachulina
_bL. A.
_gLjudmila Aleksandrovna
_4070
801 1 _aRU
_bNLR
_c20081101
801 0 _aRU
_bNLR
_gPSBO
852 _aNLR
_jГ01 Д-8/130
942 _cBOOK
980 _aNB